00442nam a2200181 a 4500001001300000003000900013005001700022008004100039020001000080082001400090100001600104245002400120260004800144300000900192500003500201505001300236650001100249nice12345678IN_TiNIC20260116011620.0050524s1931 hyda grp 000 0 urd  ac10000a170bARI1 aAristotle,  aIkhlaq-E-Niqomajis. aHyderabadbJame Usmania Sarkar-E-Aalic1931 a382p aincludes index and biblioraphy2 aArchives aEthics